| 000 | 00601nam a2200229Ia 4500 | ||
|---|---|---|---|
| 003 | OSt | ||
| 005 | 20220923225844.0 | ||
| 006 | a|||||r|||| 00| 0 | ||
| 007 | ta | ||
| 008 | Pun | ||
| 024 | _a275,366 | ||
| 037 | _cTextual | ||
| 040 |
_aARTS _cARTS _bPun |
||
| 041 |
_2Pun _aPun |
||
| 082 | _aP153, L0 | ||
| 100 | _aਸਿੰਘ, ਲਾਲ | ||
| 245 | 0 | _aਪੰਜਾਬੀ ਭਾFਾ ਦਾ ਆਲੋਚਨਾਤਮਕ ਅਧਿਐਨ | |
| 260 | _c1970 | ||
| 650 | _aਪੰਜਾਬੀ ਭਾFਾ | ||
| 942 |
_hP153, L0 _cTEXL _2CC |
||
| 999 |
_c380878 _d380878 |
||